000 010120000a22002050004500
020 _a978-1-4555-0432-9
082 0 4 _aG 232.903 E378a
100 1 _aEldredge, John
245 1 0 _aAdmirable Forajido / John Eldredge
260 _aNow York : Faith Words
300 _a222 p.
500 _aTítulo original: Beautiful Outlaw
505 0 0 _aLa alegría de Dios y el veneno de la religión -- El elemento esencial que falta: su personalidad -- ¿Jesús es realmente alegre? -- Firme propósito -- El rostro más humano de todos -- Generosidad en abundancia -- sinceridad perturbadora -- Una libertad escandalosa -- Astucia -- Humildad -- Autenticidad -- Admirable -- Amar a Jesús -- Deja que Jesús sea él mismo, contigo -- Despeja la niebla religiosa -- Deja que su vida llene la tuya
650 1 4 _aPASION DE JESUS \ VIDA CRISTIANA \ CRECIMIENTO ESPIRITUAL
001 17912
942 _cBK
999 _c44406
_d44406
336 _atexto
_btxt
_2rdacontent
337 _2rdamedia
_asin mediación
_bn
338 _2rdacarrier
_avolumen
_bnc